• 首页
  • 本馆介绍
  • 公告通知
  • 最新文献
  • 馆藏检索
  • 电子资源
  • 读者荐购
  • 参考咨询
  • CALIS
  • 我的图书馆
  • 登录
  • 详细信息显示
  • 放入我的书架
  • 预约/预借图书
  • 作者相关作品
  • 分类相关作品
  • 丛书相关作品
  • 出版社相关作品

书目信息

  • 表格格式
  • 工作单格式
  • 卡片格式
题名:
上海市绿化市容工程养护维修估算指标
    
 
作者: ;上海市建筑建材业市场管理总站 主编
分册: 第五册   景观照明
出版信息: 上海   同济大学出版社  2024.09
页数: 93页
开本: 30cm
丛书名:
单 册:
中图分类: S723.3 , TU986.3
科图分类:
主题词: 城市--cheng shi--绿化--工程造价--估算方法--上海 , 园林--yuan lin--景观--照明设计--工程造价--估算--上海
电子资源:
ISBN: 978-7-5765-1327-1
 
 
 
 
 
000 01476nam 2200289 450
001 89079
005 20250813221734.49
010    @a978-7-5765-1327-1@dCNY70.00
100    @a20240929d2024 em y0chiy50 ea
101 0  @achi
102    @aCN@b310000
105    @ak z 000yy
106    @ar
200 1  @a上海市绿化市容工程养护维修估算指标@Ashang hai shi lv hua shi rong gong cheng yang hu wei xiu gu suan zhi biao@h第五册@i景观照明@eSH A2-42 (05) -2024@e试行
210    @a上海@c同济大学出版社@d2024.09
215    @a93页@d30cm
300    @a上海市住房和城乡建设管理委员会
314    @a书内题: 上海市建筑建材业市场管理总站主编
330    @a本指标以《城市景观照明技术规范》DB31/T316-2023、《景观照明设施维护规范 (试行)》(沪绿容〔2017〕389号) 及现行相关的景观照明养护维修技术标准为依据, 并结合本市近三个年度的景观照明设施运行、养护及管理的技术、经济资料, 经过统计整理分析后进行编制。本指标适用于上海市行政区域范围内景观照明设施的日常运行, 遵循安全和节能的原则, 满足景观照明的功能性要求, 即日常运行监视与控制、巡修、巡检、小修和应急抢修, 不包含专项维修更新。
517 1  @a景观照明@Ajing guan zhao ming
606 0  @a城市@Acheng shi@x绿化@x工程造价@x估算方法@y上海
606 0  @a园林@Ayuan lin@x景观@x照明设计@x工程造价@x估算@y上海
690    @aS723.3@v5
690    @aTU986.3@v5
711 02 @a上海市建筑建材业市场管理总站@Ashang hai shi jian zhu jian cai ye shi chang guan li zong zhan@4主编
801  0 @aCN@c20250909
905    @a河南城建学院图书馆@dS723.3@eS250:5@f1
    
    上海市绿化市容工程养护维修估算指标.第五册.景观照明:SH A2-42 (05) -2024:试行.-上海:同济大学出版社,2024.09
    93页;30cm
    上海市住房和城乡建设管理委员会
    
    ISBN 978-7-5765-1327-1:CNY70.00
    本指标以《城市景观照明技术规范》DB31/T316-2023、《景观照明设施维护规范 (试行)》(沪绿容〔2017〕389号) 及现行相关的景观照明养护维修技术标准为依据, 并结合本市近三个年度的景观照明设施运行、养护及管理的技术、经济资料, 经过统计整理分析后进行编制。本指标适用于上海市行政区域范围内景观照明设施的日常运行, 遵循安全和节能的原则, 满足景观照明的功能性要求, 即日常运行监视与控制、巡修、巡检、小修和应急抢修, 不包含专项维修更新。
●
相关链接 在E读中查询图书 在当当中查询图书 在豆瓣中查询图书


正题名:上海市绿化市容工程养护维修估算指标     索取号:S723.3/S250:5         预约/预借

序号 登录号 条形码 馆藏地/架位号 状态 备注
1 1623057   216230576   自科库401/401自科库 68排7列5层/ [索取号:S723.3/S250:5] 在馆    
河南城建学院图书馆 欢迎您!
大连网信软件有限公司© 版权所有